000 00301nam a2200133Ia 4500
005 20251222144825.0
008 251222s9999||||xx |||||||||||||| ||spa||
020 _a950-04-1848-7
082 _a818.6/M43
100 _aMercer, Judy
245 0 _aRecuerdos que Matan
264 _bEmecé
942 _cLIB
999 _c20651
_d20651